Medical Eponyms - Statistics

General Stats
  • This quiz has been taken 71 times
  • The average score is 6 of 16
Answer Stats
Hint Answer % Correct
Trisomy 21 Down syndrome
79%
Uterine tubes Fallopian tubes
75%
Calcaneal tendon Achilles tendon
60%
Primary adrenal insufficiency Addison's disease
60%
Amyotrophic lateral sclerosis Lou Gehrig's disease
60%
Factitious disorder Munchausen syndrome
46%
Pancreatic islets Islets of Langerhans
43%
Chronic lymphocytic thyroiditis Hashimoto's thyroiditis
38%
Subacute spongiform encephalopathy Creutzfeldt–Jakob disease
37%
Eosinophilic granulomatosis with polyangiitis (or allergic granulomatosis) Churg–Strauss syndrome
29%
Hemophilia B Christmas disease
27%
Suspensory muscle of duodenum Ligament of Treitz
24%
Hepatopancreatic duct Ampulla of Vater
21%
IgA nephropathy (synpharyngitic glomerulonephritis) Berger's disease
17%
Bulbourethral gland Cowper's gland
16%
Frontotemporal dementia Pick's disease
16%
No matching quizzes found
Score Distribution
Percent of People with Each Score
Percentile by Number Answered
Your Score History
You have not taken this quiz